|
|
|
|
| LEADER |
00000nam2a2200000 4500 |
| 001 |
270804 |
| 005 |
20231101234358.0 |
| 035 |
|
|
|a (RuTPU)RU\TPU\book\293985
|
| 035 |
|
|
|a RU\TPU\book\293917
|
| 090 |
|
|
|a 270804
|
| 100 |
|
|
|a 20141002d1986 k y0rusy50 ca
|
| 101 |
0 |
|
|a rus
|
| 102 |
|
|
|a RU
|
| 105 |
|
|
|a y z 001zy
|
| 200 |
0 |
|
|a Т. 10
|
| 210 |
|
|
|d 1986
|
| 215 |
|
|
|a 282 с.
|
| 320 |
|
|
|a Библиография в конце работ
|
| 320 |
|
|
|a Именной указатель: с. 276-277
|
| 320 |
|
|
|a Предметный указатель: с. 278-281
|
| 461 |
|
1 |
|0 (RuTPU)RU\TPU\book\302744
|x 0233-6723
|t Современные проблемы математики. Фундаментальные направления
|f Академия наук СССР (АН СССР), Всесоюзный институт научной и технической информации (ВИНИТИ) ; науч. ред. Р. В. Гамкрелидзе
|v Т. 10
|d 1985-1990
|s Итоги науки и техники
|
| 516 |
1 |
|
|a Комплексный анализ-многие переменные - 4
|
| 606 |
1 |
|
|a Математика
|2 stltpush
|3 (RuTPU)RU\TPU\subj\67327
|9 83171
|
| 610 |
1 |
|
|a комплексный анализ
|
| 610 |
1 |
|
|a многие переменные
|
| 610 |
1 |
|
|a пучки
|
| 610 |
1 |
|
|a пространства
|
| 610 |
1 |
|
|a векторные расслоения
|
| 610 |
1 |
|
|a многообразия
|
| 610 |
1 |
|
|a деформации
|
| 675 |
|
|
|a 51
|v 4
|
| 801 |
|
1 |
|a RU
|b 63413507
|c 20141001
|
| 801 |
|
2 |
|a RU
|b 63413507
|c 20170111
|g RCR
|
| 942 |
|
|
|c BK
|